| 000 | 00880nmm a2200277 a 4500 | ||
|---|---|---|---|
| 003 | AR-X00000XY | ||
| 005 | 20251128211925.0 | ||
| 008 | 207020s2006 ||||||||||||||000 | spa|| | ||
| 020 | _a950-00-0558-1 | ||
| 040 | _cAR-X00000XY | ||
| 100 | 1 | _aPorta López, Natalia | |
| 110 | 1 |
_aArgentina. Ministerio de Educación _bCampaña Nacional de Lectura |
|
| 245 | 1 | 0 | _aPrograma de abuelas y abuelos cuentacuentos |
| 260 |
_aBuenos Aires _bMinisterio de Educación, Ciencia y Tecnología _c2006 _bFundación Mempo Giardinelli |
||
| 300 | 0 |
_a94 p. _bil. |
|
| 500 | 0 | _aInstructivo para coordinadores del Programa | |
| 650 | 4 | _aPROMOCION DE LA LECTURA | |
| 650 | 4 | _aPROGRAMAS DE EDUCACION | |
| 650 | 4 | _aABUELOS | |
| 650 | 4 | _aTERCERA EDAD | |
| 650 | 4 | _aORGANIZACION | |
| 650 | 4 | _aEVALUACION DEL PROGRAMA | |
| 653 | 0 | _aFORMACION DE LECTORES | |
| 942 | _cBK | ||
| 998 | _cNancy | ||
| 999 |
_c21640 _d21640 |
||